Sfinga záhady histórie 5 Od svätého grálu po cársky poklad

Bibliographic Details
Main Author: Huf, Hans-Christian, 1956- (Author)
Other Authors: Kellö, Vojtech (prekladateľ) (Translator)
Format: Book
Language:Slovak
German
PhysicalDescription:286 s. fotogr. (prevažne fareb.), mp. 23 cm
Published: Bratislava Ikar 2003
ISBN:805510574X
Edition:[1. vyd.]
Series:Záhady?
Subjects:

MARC

LEADER 00000nam a2200000 a 4500
001 vtls001459000
003 SK-MaSNL
005 20260301203638.0
008 240226s2003 xo ab g slo
015 |a SNBA2003/08-02557 
020 |a 805510574X 
035 |a SNK000414307 
035 |a urn:nbn:sk:snk-amkok9 
035 |a urn:nbn:sk:snk-am008iiq 
035 |a C38894A6-A503-4818-A2AA-52517DFDBE50 
040 |a SNK  |b slo  |c SNK  |e AACR2 
041 1 |a slo  |h ger 
044 |a xo  |c SK 
072 7 |a 94(100)  |2 konspekt 
080 |a 94(100)  |2 1981 
080 |a 001.94  |2 1981 
080 |a (0.062)  |2 1981 
100 1 |a Huf, Hans-Christian,  |d 1956-  |4 aut  |9 119368 
240 1 0 |a Sphinx  |l Slovensky 
245 1 0 |a Sfinga  |b záhady histórie  |n 5  |p Od svätého grálu po cársky poklad  |c Hans-Christian Huf ; [z nemeckého originálu preložil Vojtech Kellö] 
250 |a [1. vyd.] 
260 |a Bratislava  |b Ikar  |c 2003 
300 |a 286 s.  |b fotogr. (prevažne fareb.), mp.  |c 23 cm 
490 1 |a Záhady? 
500 |a Fareb. fotogr. na tit. strane 
504 |a Bibliogr. s. 283. Biogr. údaje 
650 0 7 |a svetové dejiny  |2 SNK  |9 4037 
650 0 7 |a záhady  |2 SNK  |9 4262 
655 7 |a populárno-náučné publikácie  |2 SNKPH  |9 70460 
700 1 |a Kellö, Vojtech  |c (prekladateľ)  |4 trl  |9 203295 
830 0 |a Záhady?  |9 288132 
919 |a 80-551-0574-X 
958 |a NB 
958 |a OP 
958 |a NS 
958 |a DE 
968 |b DT  |d 93/94 
999 |c 903305  |d 905235 
952 |t P60, <03>, [BOOK], {603}  |a SNK  |b SNK  |y PREZ  |7 0  |p 17A0395775  |o snkSC 94351/5  |i snkKSP 10775/2003  |0 0  |1 0  |4 0  |d 2003-08-25  |f 1  |l 0  |r 2025-09-12 00:00:00  |w 2026-02-24 
952 |t snkHUF/5 001.9  |a SNKUST  |b SNKUST  |y PREZ  |7 0  |p 17A0395774  |o snkSC 94351/5 D1  |i snkKSP 10776/2003  |8 0  |0 0  |1 0  |4 0  |d 2003-08-25  |l 0  |r 2025-03-19 00:00:00  |w 2026-02-24